Artistas Canadienses más escuchados en Spotify - Estadísticas

Estadísticas generales
  • Esta prueba ha sido intentada 23 veces
  • La puntuación promedio es 3 de 21
Estadísticas de respuestas
Oyentes Mensuales (millones) Artista % Correcto
81,6M Justin Bieber
86%
75M Drake
52%
120,4M The Weeknd
48%
17,7M Celine Dion
33%
24,3M Avril Lavigne
29%
17,2M Carly Rae Jepsen
19%
47,1M Shawn Mendes
19%
7,7M Alanis Morissette
10%
11,2M Sum 41
10%
15M Alessia Cara
5%
21,4M Bryan Adams
5%
26,4M Nelly Furtado
5%
22M Nickelback
5%
3,6M Rush
5%
13,7M Shania Twain
5%
8,5M Simple Plan
5%
3,8M Arcade Fire
0%
4,9M Deadmau5
0%
3,5M Leonard Cohen
0%
16,4M Michael Bublé
0%
7,5M Neil Young
0%
No se encontraron pruebas coincidentes
Distribución de puntuación
Porcentaje de gente con cada puntuación
Porcentaje por número respondido
Historial de tus puntuaciones
No has intentado esta prueba.